Top 5 All-Time Goal Scorers by Nation (Active Players) - Statistics

General Stats
  • This quiz has been taken 89 times
    48 since last reset
  • The average score is 17 of 35
Answer Stats
Goals Answer % Correct
118 Cristiano Ronaldo
95%
53 Harry Kane
95%
36 Kylian Mbappe
92%
53 Olivier Giroud
92%
44 Thomas Muller
90%
68 Romelu Lukaku
85%
25 Kevin De Bruyne
82%
30 Alvaro Morata
77%
20 Raheem Sterling
72%
15 Ciro Immobile
69%
33 Eden Hazard
69%
37 Karim Benzema
69%
42 Antoine Griezmann
67%
19 Andre Silva
56%
35 David Silva
56%
23 Sergio Ramos
56%
15 Marcus Rashford
54%
13 Bruno Fernandes
46%
10 Lorenzo Insigne
46%
24 Timo Werner
41%
15 Ferran Torres
38%
11 Paul Pogba
36%
21 Serge Gnabry
36%
21 Dries Mertens
33%
12 Andrea Belotti
26%
23 Mesut Ozil
23%
24 Nani
23%
27 Michy Batshuayi
21%
8 Daniel Sturridge
18%
49 Lukas Podolski
18%
17 Pedro
18%
14 Mario Balotelli
15%
9 Graziano Pelle
13%
16 Danny Welbeck
5%
11 Bruno Alves
0%
No matching quizzes found
Score Distribution
Percent of People with Each Score
Percentile by Number Answered
Your Score History
You have not taken this quiz since the last reset